000 00452nam a22001697a 4500
005 20180821123044.0
008 160524b xxu||||| |||| 00| 0 eng d
020 _a81-203-1242-2
041 _aeng
082 _b4566
_a658.4012
100 _aJohnson, Gerry & Scholar, Kevan
_94847
245 _aExploring Corporate Strategy: text and cases
260 _aNew Delhi
_bAcademic Faundation
300 _a864p,
650 _aManagement
_9241
942 _cBK
999 _c1530
_d1529